ბათუმის შოთა რუსთაველის სახელმწიფო უნივერსიტეტის ბიბლიოთეკა

The Penguin Book of Comic and Curious Verse. (ბიბ.ჩანაწერი № 45940)

000 -LEADER
fixed length control field 00465nam a2200193Ia 4500
001 - CONTROL NUMBER
control field 12769
003 - CONTROL NUMBER IDENTIFIER
control field GE_BSU
008 - FIXED-LENGTH DATA ELEMENTS--GENERAL INFORMATION
fixed length control field 181216s||||||||xx |||||||||||||| ||und||
040 ## - CATALOGING SOURCE
Transcribing agency GE_BSU
080 ## - UNIVERSAL DECIMAL CLASSIFICATION NUMBER
Universal Decimal Classification number 821.111.1
100 ## - MAIN ENTRY--PERSONAL NAME
Personal name Cohen,J.M.
245 #4 - TITLE STATEMENT
Title The Penguin Book of Comic and Curious Verse.
260 ## - PUBLICATION, DISTRIBUTION, ETC.
Place of publication, distribution, etc. London.
260 ## - PUBLICATION, DISTRIBUTION, ETC.
Name of publisher, distributor, etc. Penguin Books.
260 ## - PUBLICATION, DISTRIBUTION, ETC.
Date of publication, distribution, etc. 1954
300 ## - PHYSICAL DESCRIPTION
Extent 315p.18cm.
653 ## - INDEX TERM--UNCONTROLLED
Uncontrolled term The Penguin Book of Comic and Curious Verse.
942 ## - ADDED ENTRY ELEMENTS (KOHA)
Koha item type წიგნი
ეგზემპლარები
Withdrawn status Lost status Damaged status Not for loan Date acquired Barcode Date last seen Price effective from Koha item type
        2018-12-17 36438 2018-12-17 2018-12-17 წიგნი